Normal view
MARC view
- Bach Johann Sebastian
Entry Personal Name
001 - CONTROL NUMBER
- control field: 15956
003 - CONTROL NUMBER IDENTIFIER
- control field: IT-RoPau
005 - DATE AND TIME OF LATEST TRANSACTION
- control field: 20140312220039.0
008 - FIXED-LENGTH DATA ELEMENTS
- fixed length control field: 140312|| aca||aabn | a|a d
040 ## - CATALOGING SOURCE
- Original cataloging agency: IT-RoPau
- Transcribing agency: IT-RoPau
100 ## - HEADING--PERSONAL NAME
- Personal name: Bach Johann Sebastian
670 ## - SOURCE DATA FOUND
- Source citation: Work cat.: (IT-RoPau)98965: Bach Johann Sebastian, Cantate sacre di J.S. Bach (Le) 2